000 00293nam a22001337a 4500
008 170424b xxu||||| |||| 00| 0 eng d
020 _a0931690692
041 _aeng
080 _22 ED
_a54
100 _a12
101 _aAHM
245 _aWORKING SAFELY WITH
_cCHEMICALS
942 _2udc
_cBK
999 _c11832
_d11832